Hardwell Discography - Collaborations - Statistics

General Stats
  • This quiz has been taken 11 times
    10 since last reset
  • The average score is 76 of 113
Answer Stats
Year Artist(s) Answer % Correct
2024 Blasterjaxx, Maddix 16
100%
2012 Amba Shepherd Apollo
100%
2015* Joey Dale, Luciana Arcadia
100%
2018 Blasterjaxx, Mitch Crown Bigroom Never Dies
100%
2015 Wiwek Chameleon
100%
2015 W&W, Fatman Scoop Don't Stop The Madness
100%
2024 Bassjackers Energy
100%
2016 Blasterjaxx Going Crazy
100%
2012 Showtek How We Do
100%
2013 W&W Jumper
100%
2016 W&W, Lil Jon Live The Night
100%
2015 Jake Reese Mad World
100%
2024 KAAZE MOVE
100%
2015 Armin van Buuren Off The Hook
100%
2017 KSHMR Power
100%
2015 Harrison Sally
100%
2015 Dannic, Haris Survivors
100%
2015* Chris Jones Young Again
100%
2023 Maddix, Luciana ACID
80%
2023 Azteck, Alex Hepburn Anybody Out There
80%
2015 DallasK Area51
80%
2017 Henry Fong, Mr. Vegas Badam
80%
2016 Quintino Baldadig
80%
2019 JGUAR Being Alive
80%
2018 Maddix Bella Ciao
80%
2016 KURA Calavera
80%
2015 Tiesto, Andreas Moe Colors
80%
2013 MAKJ Countdown
80%
2015 Jonathan Mendelsohn Echo
80%
2023 Olly James (both collabs alphabetically) Flatline/Seduction
80%
2015 Jason Derulo Follow Me
80%
2016 W&W Get Down
80%
2023 ShortRound Goes Like This
80%
2019 Suyano Go To War
80%
2015 R3HAB Hakuna Matata
80%
2017 Afrojack, MC Ambush Hands Up
80%
2017 Dr. Phunk Here Once Again
80%
2016 Afrojack Hollywood
80%
2024 Avao I'm The Devil
80%
2023 Nicky Romero, MERYLL I Wanna Dance
80%
2023 Sub Zero Project Judgment Day
80%
2019 Deorro, MAKJ, Fatman Scoop Left Right
80%
2013 Dyro, Bright Lights Never Say Goodbye
80%
2017 KURA, Anthony B Police
80%
2023 AFROJACK, MERYLL Push It
80%
2023 Timmy Trumpet, Maddix Revolution
80%
2015 Quintino Scorpion
80%
2018 Wildstylez, KiFi Shine A Light
80%
2023 Bright Lights Shotgun
80%
2023 Quintino Sloopkogel
80%
2014 W&W The Dance Floor Is Yours
80%
2018 Timmy Trumpet The Underground
80%
2015 Amba Shepherd United We Are
80%
2017 KAAZE, Jonathan Mendelsohn We Are Legends
80%
2017 Alexander Tidebrink We Are One
80%
2018 Quintino Woest
80%
2011 Tiesto Zero 76
80%
2016 Thomas Newson 8Fifty
60%
2017 Atmozfears, M.BRONX All That We Are Living For
60%
2010 Red Carpet Alright 2010
60%
2018 Steve Aoki, Kris Kiss Anthem
60%
2023 VINNE Balanca
60%
2015 Mr. Probz Birds Fly
60%
2012 Mitch Crown Call Me A Spaceman
60%
2019 Dannic, Kelli-Leigh Chase The Sun
60%
2018 Metropole Orkest Conquerors
60%
2017 Austin Mahone Creatures Of The Night
60%
2013 Matthew Koma Dare You
60%
2019 Richie Loop Drop To The Floor
60%
2013 Laidback Luke Dynamo
60%
2018 Harrison Earthquake
60%
2013 Blasterjaxx Fifteen
60%
2023 Machine Made Human
60%
2019 Mike Williams I'm Not Sorry
60%
2012 Dannic Kontiki
60%
2023 DJs From Mars, Tomcraft Loneliness
60%
2015 Headhunterz, Haris Nothing Can Hold Us Down
60%
2018 VINAI, Cam Meekins Out Of This Town
60%
2014 Deorro, J-Trick Rambo
60%
2019 Quintino Reckless
60%
2018 Jewelz & Sparks Safari
60%
2017 Maddix Smash This Beat
60%
2019 Trevor Guthrie Summer Air
60%
2023 4 Strings, Maddix Take Me Away Again
60%
2018 KAAZE, Richie Loop This Is Love
60%
2023 Will Sparks Twisted
60%
2018 Dimitri Vegas & Like Mike Unity
60%
2014 Tiesto, Matthew Koma Written In Reverse
60%
2013 Joe Ghost Are You Ready
40%
2010 Franky Rizardo Asteroid
40%
2021 Jaxxwell Bootshaus ID
40%
2010 JoeySuki Dig It All
40%
2010 Dannic Get Down Girl
40%
2018 SICK INDIVIDUALS Get Low
40%
2017 Badd Dimes Go Down Low
40%
2018 Conor Maynard, Snoop Dogg How You Love Me
40%
2015 Bright Lights Let Me Be Your Home
40%
2018 Suyano, Richie Loop Light It Up
40%
2010 Chuckie, MC Ambush Move It 2 The Drum
40%
2011 JoeySuki Munster
40%
2017 Moksi Powermove
40%
2017 Kill The Buzz, Max Collins Still The One
40%
2018 Dr. Phunk, Jantine Take Us Down
40%
2016 Jay Sean Thinking About You
40%
2017 Haris What We Need
40%
2011 Michael Brun Dawn
20%
2015 DOMENO, Michael Sparks Locked & Loaded
20%
2016 Craig David No Holding Back
20%
2011 Jake Shanahan, Sebastien Lintz Passion
20%
2015 Funkerman, I-Fan Where Is Here Now
20%
2012 Martin Volt, NO_ID Zelda
20%
2017 Kill The Buzz Break The House Down
0%
2024 Nifra, 2 Unlimited Move Your Body
0%
No matching quizzes found
Score Distribution
Percent of People with Each Score
Percentile by Number Answered
Your Score History
You have not taken this quiz since the last reset